000 00775nam a2200181Ia 4500
003 Ost
005 20260416102356.0
008 260416s9999||||xx |||||||||||||| ||und||
040 _cfsecg
041 _aara
100 _aناصف، حسان
_eمؤلف
245 0 _a الرياضيات المالية /
_c حسان ناصف
260 _aالجزائر
_bجامعة الجزائر3: كلية العلوم الإقتصادية، العلوم التجارية وعلوم التسيير
_c2020
300 _a63 ورقة
_bايضاحات
_c30 سم
653 _aالرياضيات المالية
710 _aجامعة الجزائر3: كلية العلوم الإقتصادية، العلوم التجارية وعلوم التسيير
_eناشر علمي
942 _cHANDOUT
999 _c41206
_d41206